| 000 | 01847nam0a2200325 4500 | ||
|---|---|---|---|
| 001 | RU\NLR\bibl\1335609 | ||
| 005 | 20260408201536.0 | ||
| 010 |
_a978-5-88081-957-7 _9300 |
||
| 021 |
_aRU _b2008-106633 _96288 |
||
| 035 | _a(NLR Aleph) 001320810 | ||
| 090 |
_a738668 _c738668 |
||
| 100 | _a20090303d2008 u y0rusy50 ca | ||
| 101 | 0 | _arus | |
| 102 | _aRU | ||
| 105 | _aa ||||||||| | ||
| 200 | 1 |
_aСравнительный анализ банковских систем _eучебное пособие _fО.С. Мирошниченко _gРос. Федерация, М-во образования и науки, Федер. агентство по образованию, ГОУ ВПО Тюм. гос. ун-т [и др.] |
|
| 210 |
_aТюмень _cИзд-во Тюменского государственного университета _d2008 |
||
| 215 |
_a191 с. _cил. _d22 |
||
| 225 | 1 |
_aПриоритетные национальные проекты _iОбразование |
|
| 300 | _aВ надзаг. также: Приорит. нац. проект "Образование", инновац. образоват. прогр. ТюмГУ, Центр трансляции и экспорта образоват. прогр., Междунар. ин-т финансов, упр. и бизнеса | ||
| 606 |
_aБанковская система _jУчебные издания для высших учебных заведений _yСтраны СНГ _92478569 _3RU\NLR\AUTH\661471534 |
||
| 686 | _aУ26(2)210я73 | ||
| 700 | 1 |
_4070 _aМирошниченко _bО. С. _cд-р экон. наук _gОльга Сергеевна _9210144 _3RU\NLR\AUTH\770210198 |
|
| 801 | 0 |
_aRU _bNLR _c20090303 _gRCR |
|
| 801 | 1 |
_aRU _bNLR _c20090303 |
|
| 830 | _aавт. по кн. | ||
| 942 | _cBOOK | ||
| 980 | _aNB | ||